<?xml version="1.0" encoding="UTF-8"?>
<record
    xmlns:xsi="http://www.w3.org/2001/XMLSchema-instance"
    xsi:schemaLocation="http://www.loc.gov/MARC21/slim http://www.loc.gov/standards/marcxml/schema/MARC21slim.xsd"
    xmlns="http://www.loc.gov/MARC21/slim">

  <leader>01895nam a2200517 a 4500</leader>
  <controlfield tag="001">23470</controlfield>
  <controlfield tag="003">VRT</controlfield>
  <controlfield tag="005">20260624110634.0</controlfield>
  <controlfield tag="008">240314s2013    xo a   b      010 j slo  </controlfield>
  <datafield tag="015" ind1=" " ind2=" ">
    <subfield code="a">SNBA2013/06</subfield>
  </datafield>
  <datafield tag="020" ind1=" " ind2=" ">
    <subfield code="a">9788055608433</subfield>
    <subfield code="q">(bro&#x17E;.)</subfield>
  </datafield>
  <datafield tag="039" ind1=" " ind2="9">
    <subfield code="a">202403141703</subfield>
    <subfield code="b">VLOAD</subfield>
    <subfield code="c">202108101421</subfield>
    <subfield code="d">msnk159</subfield>
    <subfield code="c">201703081128</subfield>
    <subfield code="d">AUTHORITY</subfield>
    <subfield code="c">201605020859</subfield>
    <subfield code="d">msllk12</subfield>
  </datafield>
  <datafield tag="040" ind1=" " ind2=" ">
    <subfield code="a">SVKBB</subfield>
    <subfield code="b">slo</subfield>
    <subfield code="c">SVKBB</subfield>
    <subfield code="d">SNK</subfield>
    <subfield code="e">AACR2</subfield>
  </datafield>
  <datafield tag="041" ind1="1" ind2=" ">
    <subfield code="a">slo</subfield>
    <subfield code="h">eng</subfield>
  </datafield>
  <datafield tag="044" ind1=" " ind2=" ">
    <subfield code="a">xo</subfield>
    <subfield code="c">SK</subfield>
  </datafield>
  <datafield tag="072" ind1=" " ind2="7">
    <subfield code="a">821.111(73)-3</subfield>
    <subfield code="x">Americk&#xE1; pr&#xF3;za</subfield>
    <subfield code="2">konspekt</subfield>
  </datafield>
  <datafield tag="072" ind1=" " ind2="7">
    <subfield code="a">821-93</subfield>
    <subfield code="x">Literat&#xFA;ra pre deti a ml&#xE1;de&#x17E; (beletria)</subfield>
    <subfield code="2">konspekt</subfield>
  </datafield>
  <datafield tag="080" ind1=" " ind2=" ">
    <subfield code="a">821.111(73)-32</subfield>
    <subfield code="2">2001</subfield>
  </datafield>
  <datafield tag="080" ind1=" " ind2=" ">
    <subfield code="a">821-93</subfield>
    <subfield code="2">2001</subfield>
  </datafield>
  <datafield tag="080" ind1=" " ind2=" ">
    <subfield code="a">(0:82-321.5)</subfield>
    <subfield code="2">2001</subfield>
  </datafield>
  <datafield tag="100" ind1="1" ind2=" ">
    <subfield code="a">Simon, Francesca,</subfield>
    <subfield code="d">1955-</subfield>
    <subfield code="4">aut</subfield>
  </datafield>
  <datafield tag="240" ind1="1" ind2="0">
    <subfield code="a">Horrid Henry's Haunted House</subfield>
    <subfield code="l">Slovensky</subfield>
  </datafield>
  <datafield tag="245" ind1="1" ind2="0">
    <subfield code="a">Gr&#xE1;zlik Gabo a stra&#x161;ideln&#xFD; dom</subfield>
    <subfield code="c">Francesca Simon ; ilustroval Tony Ross ; [z anglick&#xE9;ho origin&#xE1;lu prelo&#x17E;ila Darina Zaicov&#xE1;]</subfield>
  </datafield>
  <datafield tag="260" ind1=" " ind2=" ">
    <subfield code="a">Bratislava</subfield>
    <subfield code="b">Slovart</subfield>
    <subfield code="c">2013</subfield>
  </datafield>
  <datafield tag="300" ind1=" " ind2=" ">
    <subfield code="a">93 s.</subfield>
    <subfield code="b">ilustr.</subfield>
    <subfield code="c">20 cm</subfield>
  </datafield>
  <datafield tag="655" ind1=" " ind2="7">
    <subfield code="a">americk&#xE9; pr&#xED;behy</subfield>
    <subfield code="2">SNKPH</subfield>
  </datafield>
  <datafield tag="655" ind1=" " ind2="7">
    <subfield code="a">American stories</subfield>
    <subfield code="2">SNKPHeng</subfield>
  </datafield>
  <datafield tag="655" ind1=" " ind2="7">
    <subfield code="a">Humorous stories</subfield>
    <subfield code="2">SNKPHeng</subfield>
  </datafield>
  <datafield tag="655" ind1=" " ind2="7">
    <subfield code="a">publik&#xE1;cie pre deti</subfield>
    <subfield code="2">SNKPH</subfield>
  </datafield>
  <datafield tag="655" ind1=" " ind2="7">
    <subfield code="a">humoristick&#xE9; pr&#xED;behy</subfield>
    <subfield code="2">SNKPH</subfield>
  </datafield>
  <datafield tag="655" ind1=" " ind2="7">
    <subfield code="a">Children's publications</subfield>
    <subfield code="2">SNKPHeng</subfield>
  </datafield>
  <datafield tag="700" ind1="1" ind2=" ">
    <subfield code="a">Ross, Tony,</subfield>
    <subfield code="d">1938-</subfield>
    <subfield code="4">ill</subfield>
  </datafield>
  <datafield tag="700" ind1="1" ind2=" ">
    <subfield code="a">Zaicov&#xE1;, Darina,</subfield>
    <subfield code="d">1980-</subfield>
    <subfield code="4">trl</subfield>
  </datafield>
  <datafield tag="787" ind1="0" ind2="8">
    <subfield code="i">Zo s&#xE9;rie:</subfield>
    <subfield code="t">Gr&#xE1;zlik Gabo</subfield>
    <subfield code="g">6. &#x10D;as&#x165;</subfield>
  </datafield>
  <datafield tag="910" ind1=" " ind2=" ">
    <subfield code="a">svkbb</subfield>
  </datafield>
  <datafield tag="910" ind1=" " ind2=" ">
    <subfield code="a">snk</subfield>
  </datafield>
  <datafield tag="910" ind1=" " ind2=" ">
    <subfield code="a">savuk</subfield>
  </datafield>
  <datafield tag="910" ind1=" " ind2=" ">
    <subfield code="a">sllk</subfield>
  </datafield>
  <datafield tag="942" ind1=" " ind2=" ">
    <subfield code="2">ddc</subfield>
    <subfield code="c">KLDE</subfield>
    <subfield code="n">0</subfield>
  </datafield>
  <datafield tag="949" ind1=" " ind2=" ">
    <subfield code="6">273K0564802</subfield>
    <subfield code="a">svkpoA 219993</subfield>
    <subfield code="b">svkpo568897</subfield>
  </datafield>
  <datafield tag="949" ind1=" " ind2=" ">
    <subfield code="6">17A1072092</subfield>
    <subfield code="a">snkSD 82169</subfield>
    <subfield code="b">snk2013/13107</subfield>
    <subfield code="o">1283/13</subfield>
  </datafield>
  <datafield tag="949" ind1=" " ind2=" ">
    <subfield code="6">17A1072093</subfield>
    <subfield code="a">snkSD 82169 D1</subfield>
    <subfield code="b">snk2013/13108</subfield>
    <subfield code="o">1283/13</subfield>
  </datafield>
  <datafield tag="949" ind1=" " ind2=" ">
    <subfield code="6">2889197222</subfield>
    <subfield code="a">savukPV 17488</subfield>
    <subfield code="b">savuk2013/1504</subfield>
  </datafield>
  <datafield tag="949" ind1=" " ind2=" ">
    <subfield code="6">270001000415051</subfield>
    <subfield code="a">svkbbA 138332</subfield>
    <subfield code="b">svkbbm 736360</subfield>
  </datafield>
  <datafield tag="999" ind1=" " ind2=" ">
    <subfield code="c">23470</subfield>
    <subfield code="d">23470</subfield>
  </datafield>
  <datafield tag="952" ind1=" " ind2=" ">
    <subfield code="0">0</subfield>
    <subfield code="1">0</subfield>
    <subfield code="4">0</subfield>
    <subfield code="7">0</subfield>
    <subfield code="8">D</subfield>
    <subfield code="a">MKTUR</subfield>
    <subfield code="b">MKTUR</subfield>
    <subfield code="d">2026-06-24</subfield>
    <subfield code="l">0</subfield>
    <subfield code="p">4712401409</subfield>
    <subfield code="r">2026-06-24 11:06:44</subfield>
    <subfield code="w">2026-06-24</subfield>
    <subfield code="y">KLDE</subfield>
  </datafield>
</record>
